Estudio de rentabilidad academica y economica de una libreria virtual universitaria

Đã lưu trong:
Chi tiết về thư mục
Tác giả chính: Faingezicht Tarcica,Danny
Định dạng: Luận văn Sách
Ngôn ngữ:Undetermined
Được phát hành: 2002
Những chủ đề:
Các nhãn: Thêm thẻ
Không có thẻ, Là người đầu tiên thẻ bản ghi này!

MARC

LEADER 00000nam a2200000Ia 4500
001 8983
008 140114s9999 xx 000 0 und d
100 |a Faingezicht Tarcica,Danny 
245 |a Estudio de rentabilidad academica y economica de una libreria virtual universitaria 
260 |c 2002 
500 |a NULL 
502 |a Escuela de ingenieria Industrial 
650 |z RENTABILIDAD ACADEMICA 
999 |c 12592  |d 12592